000 01361nam a2200361 c 4500
003 BLK
005 20250722085742.0
008 180409b bul|||||r ||||||| ||bul||
010 _aKNG00144164000
020 _a978-619-151-045-0
_bиздат.: СофтПрес
040 _aBLK
041 _aBUL
_cBUL
072 7 _2bullib
_aН83
_xЧужда художествена литература Н
080 _aАмериканска литература (на САЩ)
_b821.111(73)
_x-31
_z821.111(73)-31
100 1 _aДей, Силвия
_eпърви автор
_9325748
700 1 _aРадева, Милена
_eпрев.
_9369662
139 _aДей, Силвия
_bД 34
245 1 0 _aОтразена в теб
_bРоман
_cСилвия Дей; прев. Милена Радева.
257 _aUSA
260 София
_bСофтПрес
_c2013
300 _a336 с.
_c20 см
380 _aX
490 1 _aПоредица Кросфайър
_vКн. 2
500 _aОриг. загл. Reflected in You : A Crossfire Novel Book 2 / Sylvia Day.
653 _aромани
659 _aН
852 _aЦб 260014
856 4 _qpdf
_u
856 4 _qpdf
_u
942 _cKNG
_n0
_095
944 _aCR
_c19.06.2013
_lМартин Енчев
_k30575
944 _aED
_c12.07.2017
_lф /
_kВиолета_Тройчева
999 _c138182
_d138182